Vultures - Ye & Ty (S. ARABIA SESSIONS) - Statistics

General Stats
  • This quiz has been taken 5 times
  • The average score is 7 of 18
Answer Stats
Album Currently On Answer % Correct
VULTURES 1 BACK TO ME
75%
Unreleased EVERYBODY
75%
VULTURES 1 PAID
75%
VULTURES 2 SLIDE
75%
VULTURES 1 VULTURES
75%
VULTURES 1 FK SUMN
50%
VULTURES 2 D.DELUXE GUN TO MY HEAD
50%
Unreleased NEW BODY
50%
VULTURES 1 BEG FORGIVENESS
25%
VULTURES 2 DRUNK
25%
VULTURES 2 LIFESTYLE
25%
VULTURES 2 PROMOTION
25%
VULTURES 2 RIVER
25%
VULTURES 1 (REMOVED) SO GOOD
25%
VULTURES 1 TIMBO FREESTYLE
25%
VULTURES 2 TIME MOVING SLOW
25%
Unreleased UNLOCK
0%
Unreleased WORSHIP
0%
No matching quizzes found
Score Distribution
Percent of People with Each Score
Percentile by Number Answered
Your Score History
You have not taken this quiz